Márkus Artur A matematikai képesség lélektana /

Elmentve itt :
Bibliográfiai részletek
Szerzők: Szenes Adolf
Márkus Artur
Dokumentumtípus: Cikk
Megjelent: 1943
Sorozat:Magyar pedagógia : a Magyar Tudományos Akadémia Pedagógiai Bizottságának folyóirata 52
Kulcsszavak:Matematikai gondolkodás, Matematikai képesség
Online Access:http://misc.bibl.u-szeged.hu/11694
LEADER 00726nab a2200193 i 4500
001 misc11694
005 20191106141910.0
008 170607s1943 hu o 0|| hun d
022 |a 0025-0260 
040 |a SZTE Miscellanea Repozitórium  |b hun 
041 |a hun 
100 1 |a Szenes Adolf 
245 1 0 |a Márkus Artur  |h [elektronikus dokumentum] :  |b A matematikai képesség lélektana /  |c  Szenes Adolf 
260 |c 1943 
300 |a 284-285 
490 0 |a Magyar pedagógia : a Magyar Tudományos Akadémia Pedagógiai Bizottságának folyóirata  |v 52 
695 |a Matematikai gondolkodás, Matematikai képesség 
700 0 1 |a Márkus Artur  |e aut 
856 4 0 |u http://misc.bibl.u-szeged.hu/11694/1/mp_1943_4262_284-285.pdf  |z Dokumentum-elérés